000 02480cam a2200637 a 4500
001 22423
003 SK-KTurca
005 20260328103248.0
008 251104s1991 xo gr 000 faslo
015 _aSNBA1991/10
020 _a8022001384
_q(súbor ;
_qviazané)
020 _a8022001007
_q(1. zv. ;
_qviazané)
020 _a8022001244
_q(2. zv. ;
_qviazané)
020 _a8022002372
_q(3. zv. ;
_qviazané)
035 _aFAA6D93B-9A2E-45E5-A7C5-CB01983AB408
035 _aSNK000006661
035 _aurn:nbn:sk:snk-am005aul
035 _aurn:nbn:sk:snk-amkp2l
040 _aSNK
_bslo
_cSNK
_eAACR2
041 1 _aslo
_kger
_hita
044 _axo
_cSK
072 7 _a821.131.1-3
_xTalianska próza
_2konspekt
072 7 _a821-31/-34
_xĽúbostná, dobrodružná, fantastická próza
_2konspekt
080 _a821.131.1-055.1
_22011
080 _a821.131.1-31
_22011
080 _a(0:82-312.6)
_22011
080 _a(0:82-312.5)
_22011
100 1 _aCasanova, Giacomo,
_d1725-1798
_4aut
240 1 0 _aMemoiren
_lSlovensky
245 1 0 _aPamäti
_n3
_pÚtek z olovených komôr benátskych
_pCnostná slečna de la Meurová
_pMedové týždne madam Baretovej
_cGiacomo Casanova ; [z nemeckého vydania Memoiren ... preložili Karol Veselský, Anna Bertová, Gabriela Vigašová ; ilustroval Dušan Stopiak]
246 3 0 _aÚtek z olovených komôr benátskych
246 3 0 _aCnostná slečna de la Meurová
246 3 0 _aMedové týždne madam Baretovej
250 _a2. vyd.
260 _aBratislava
_bSlovenský spisovateľ
_c1991
300 _a421 strán
_c21 cm
366 _e30000 kusov
500 _aDokument obsahuje 3 diela
500 _aIlustrácie na frontispice a predsádkach. Mimo edície
500 _aPreložené z nemeckého prekladu talianskeho originálu
600 1 7 _aCasanova, Giacomo,
_d1725-1798
_2SNKMA
650 0 7 _atalianski spisovatelia
_2SNKPH
655 7 _atalianske romány
_2SNKPH
655 7 _aautobiografické romány
_2SNKPH
655 7 _aľúbostné romány
_2SNKPH
700 1 _aVeselský, Karol
_4trl
700 1 _aVigašová, Gabriela,
_d1932-
_4trl
700 1 _aStopiak, Dušan,
_d1953-1991
_4ill
700 1 _aBertová, Anna
_c(prekladateľka)
_4trl
740 0 2 _aÚtek z olovených komôr benátskych
740 0 2 _aCnostná slečna de la Meurová
740 0 2 _aMedové týždne madam Baretovej
942 _2ddc
_cKLDO
_n0
999 _c22423
_d22423